[Event "44. Torneo Capablanca In Memoriam Open"]
[Site "La Habana CUB"]
[Date "2009.06.18"]
[Round "10.18"]
[White "Guerra Tulcan, Lenin"]
[Black "Cori Tello, Deysi Estella"]
[Result "1-0"]
[WhiteElo "2343"]
[BlackElo "2262"]
[PlyCount "120"]
[EventDate "2009.06.08"]
[EventType "swiss"]
[EventRounds "9"]
[EventCountry "CUB"]
[Source "lmi"]
[SourceDate "2009.06.08"]

1. e4 e6 2. d3 d5 3. Nd2 Nf6 4. Ngf3 Nc6 5. c3 a5 6. Be2 e5 7. O-O Be7 8. Re1
O-O 9. h3 h6 10. Bf1 Re8 11. Qc2 Bc5 12. b3 b6 13. a3 d4 14. c4 Nh5 15. g3 Be6
16. Bg2 Qd7 17. Kh2 Rf8 18. Qd1 Rae8 19. Nh4 g6 20. Nf1 Kh7 21. Qd2 Rh8 22. Bf3
Ng7 23. Bg2 g5 24. Nf3 f6 25. Ng1 f5 26. exf5 Bxf5 27. Rb1 Qd6 28. Qe2 e4 29.
dxe4 Bxa3 30. Bxa3 Qxa3 31. Qd2 Bg6 32. f4 gxf4 33. gxf4 Qd6 34. Rbd1 Rhf8 35.
e5 Nxe5 36. fxe5 Rxe5 37. Rxe5 Qxe5+ 38. Kh1 c5 39. Re1 Qd6 40. Nf3 Nh5 41. Ne5
Bf5 42. Ng4 Bxg4 43. hxg4 Nf4 44. Be4+ Kg8 45. Ng3 Nh3 46. Nf5 Qf4 47. Qxf4
Nxf4 48. Rf1 Ne2 49. Nxh6+ Kg7 50. Nf5+ Kh8 51. Kg2 Nc3 52. Bd5 Nxd5 53. cxd5
b5 54. Rc1 d3 55. Kf3 a4 56. Ke3 axb3 57. Kxd3 c4+ 58. Kc3 b4+ 59. Kxb4 Rb8+
60. Kxc4 b2 1-0

[Event "44. Torneo Capablanca In Memoriam Open"]
[Site "La Habana CUB"]
[Date "2009.06.18"]
[Round "10.19"]
[White "Corrales Jimenez, Zenia"]
[Black "Fernandez Garcia, Jose Luis"]
[Result "1-0"]
[WhiteElo "2143"]
[BlackElo "2457"]
[PlyCount "95"]
[EventDate "2009.06.08"]
[EventType "swiss"]
[EventRounds "9"]
[EventCountry "CUB"]
[Source "lmi"]
[SourceDate "2009.06.08"]

1. e4 Nf6 2. e5 Nd5 3. d4 d6 4. Nf3 Bg4 5. Be2 c6 6. c4 Nb6 7. exd6 Bxf3 8.
Bxf3 Nxc4 9. dxe7 Qxe7+ 10. Qe2 Nd7 11. O-O Qxe2 12. Bxe2 Ncb6 13. Bf4 Nd5 14.
Bg3 Bb4 15. Rd1 O-O 16. Nd2 N7f6 17. Bf3 Rfe8 18. a3 Bxd2 19. Rxd2 Ne4 20. Re2
Nxg3 21. Rxe8+ Rxe8 22. hxg3 Rd8 23. Rd1 Kf8 24. Kf1 Nb6 25. b3 Ke7 26. Ke2 Kd6
27. Kd3 Re8 28. Rc1 h6 29. a4 a6 30. Be4 Re7 31. g4 Na8 32. b4 Nc7 33. g3 Rd7
34. Ke3 Ke7 35. Rc2 g6 36. f3 Kf6 37. Rd2 Kg5 38. Rh2 Re7 39. Kd2 Ne6 40. Kc3
f5 41. gxf5 gxf5 42. Bc2 f4 43. g4 Ng7 44. Be4 h5 45. gxh5 Nxh5 46. Kc4 Ng3 47.
Rh7 Kf6 48. Rh4 1-0

[Event "44. Torneo Capablanca In Memoriam Open"]
[Site "La Habana CUB"]
[Date "2009.06.18"]
[Round "10.21"]
[White "Miranda Mesa, Elier"]
[Black "Margolin, Boris"]
[Result "0-1"]
[WhiteElo "2321"]
[BlackElo "2436"]
[PlyCount "108"]
[EventDate "2009.06.08"]
[EventType "swiss"]
[EventRounds "9"]
[EventCountry "CUB"]
[Source "lmi"]
[SourceDate "2009.06.08"]

1. e4 e5 2. Nf3 Nc6 3. Bb5 a6 4. Ba4 Nge7 5. O-O g6 6. d4 exd4 7. Nxd4 Bg7 8.
Be3 O-O 9. Nc3 d6 10. Bxc6 bxc6 11. Qd2 c5 12. Nde2 Rb8 13. b3 f5 14. Bh6 Qe8
15. Bxg7 Kxg7 16. Rfe1 Qf7 17. Nf4 Nc6 18. Ncd5 g5 19. Qc3+ Nd4 20. exf5 Qxf5
21. Nh5+ Kh6 22. Ne3 Qxf2+ 23. Kh1 Qh4 24. Ng3 Be6 25. Qd3 Qf4 26. Rf1 Qe5 27.
c3 Nb5 28. Nef5+ Bxf5 29. Nxf5+ Rxf5 30. Rxf5 Qxc3 31. Qf1 Re8 32. Rd1 Kg6 33.
a4 Nd4 34. Rf7 Re6 35. h3 Qc2 36. Rd7 Nf5 37. Qf3 h5 38. Qd3 Qf2 39. g4 hxg4
40. Rf1 Qxf1+ 41. Qxf1 Ng3+ 42. Kg2 Nxf1 43. Kxf1 gxh3 44. Rxc7 Rf6+ 45. Kg1 d5
46. Rxc5 Rd6 47. Kh2 d4 48. Kxh3 d3 49. Rc1 d2 50. Rd1 Kf5 51. Kg2 Ke4 52. b4
Kd3 53. b5 axb5 54. axb5 Kc2 0-1

[Event "44. Torneo Capablanca In Memoriam Open"]
[Site "La Habana CUB"]
[Date "2009.06.18"]
[Round "10.22"]
[White "Ostos, Julio"]
[Black "Otero, Diasmany"]
[Result "1/2-1/2"]
[WhiteElo "2316"]
[BlackElo "2431"]
[PlyCount "49"]
[EventDate "2009.06.08"]
[EventType "swiss"]
[EventRounds "9"]
[EventCountry "CUB"]
[Source "lmi"]
[SourceDate "2009.06.08"]

1. e4 c5 2. Nf3 d6 3. Nc3 Nf6 4. e5 dxe5 5. Nxe5 a6 6. a4 Nbd7 7. Nc4 Nb6 8. a5
Nxc4 9. Bxc4 Bg4 10. Be2 Bxe2 11. Qxe2 e6 12. d3 Be7 13. O-O O-O 14. Re1 Qc7
15. b3 Rad8 16. Bb2 Rd7 17. Ne4 Nxe4 18. Qxe4 Re8 19. Re3 Bf8 20. Rh3 f5 21.
Qc4 Rd5 22. Re3 Qd8 23. Rae1 Kf7 24. Bc3 g6 25. Kf1 1/2-1/2

[Event "44. Torneo Capablanca In Memoriam Open"]
[Site "La Habana CUB"]
[Date "2009.06.18"]
[Round "10.24"]
[White "Ordaz Valdes, Lisandra"]
[Black "Arribas Robaina, Maritza"]
[Result "1/2-1/2"]
[WhiteElo "2296"]
[BlackElo "2336"]
[PlyCount "38"]
[EventDate "2009.06.08"]
[EventType "swiss"]
[EventRounds "9"]
[EventCountry "CUB"]
[Source "lmi"]
[SourceDate "2009.06.08"]

1. d4 d5 2. c4 c6 3. Nf3 Nf6 4. e3 a6 5. Qc2 g6 6. Bd3 Bg7 7. Nbd2 O-O 8. b3 c5
9. Bb2 cxd4 10. exd4 Nc6 11. a3 Nh5 12. cxd5 Na7 13. Nc4 Nf4 14. Ne3 Nxd5 15.
Nxd5 Qxd5 16. O-O Be6 17. Bc4 Qd6 18. Bxe6 Qxe6 19. Rfe1 Qc6 1/2-1/2

[Event "44. Torneo Capablanca In Memoriam Open"]
[Site "La Habana CUB"]
[Date "2009.06.18"]
[Round "10.25"]
[White "Aguero, Luis Lazaro"]
[Black "Ortiz, Nadya Karolina"]
[Result "1/2-1/2"]
[WhiteElo "2400"]
[BlackElo "2248"]
[PlyCount "42"]
[EventDate "2009.06.08"]
[EventType "swiss"]
[EventRounds "9"]
[EventCountry "CUB"]
[Source "lmi"]
[SourceDate "2009.06.08"]

1. Nf3 Nf6 2. g3 g6 3. Bg2 Bg7 4. O-O O-O 5. d4 d5 6. c4 dxc4 7. Na3 Nc6 8.
Nxc4 Be6 9. Nce5 Bd5 10. Be3 Nxe5 11. dxe5 Ng4 12. Bf4 Bxf3 13. Bxf3 Qxd1 14.
Rfxd1 Nxe5 15. Bxb7 Rab8 16. Rd5 Rxb7 17. Bxe5 Bxe5 18. Rxe5 Rxb2 19. Rxe7 Rc2
20. Rd1 Rxa2 21. Rxc7 Rxe2 1/2-1/2

[Event "44. Torneo Capablanca In Memoriam Open"]
[Site "La Habana CUB"]
[Date "2009.06.18"]
[Round "10.27"]
[White "Hernandez Moya, Yuleisis"]
[Black "Mena Crespo, Carlos E"]
[Result "1-0"]
[WhiteElo "2104"]
[BlackElo "2353"]
[PlyCount "45"]
[EventDate "2009.06.08"]
[EventType "swiss"]
[EventRounds "9"]
[EventCountry "CUB"]
[Source "lmi"]
[SourceDate "2009.06.08"]

1. e4 c5 2. Nf3 d6 3. d4 cxd4 4. Nxd4 Nf6 5. Nc3 a6 6. Bg5 e6 7. f4 Qb6 8. Nb3
Nc6 9. Qf3 Bd7 10. a3 O-O-O 11. Bh4 Na5 12. Bf2 Qc7 13. Nxa5 Qxa5 14. Bd3 Be7
15. O-O Qc7 16. a4 Bc6 17. a5 Nd7 18. b4 d5 19. b5 dxe4 20. Bxe4 Bxe4 21. Nxe4
Nc5 22. bxa6 bxa6 23. Rfb1 1-0

[Event "44. Torneo Capablanca In Memoriam Open"]
[Site "La Habana CUB"]
[Date "2009.06.18"]
[Round "10.28"]
[White "Pazos Gambarrotti, Plinio"]
[Black "Lucena Da Silva, Lincoln"]
[Result "0-1"]
[WhiteElo "1973"]
[BlackElo "2206"]
[PlyCount "102"]
[EventDate "2009.06.08"]
[EventType "swiss"]
[EventRounds "9"]
[EventCountry "CUB"]
[Source "lmi"]
[SourceDate "2009.06.08"]

1. Nf3 c5 2. g3 Nc6 3. Bg2 g6 4. O-O Bg7 5. c4 d6 6. Nc3 Bf5 7. h3 h6 8. d3 Qd7
9. Kh2 Rb8 10. Nd5 b5 11. cxb5 Rxb5 12. Qa4 Rb8 13. Nh4 Nb4 14. Qd1 Nxd5 15. e4
Bxe4 16. dxe4 Nc7 17. f4 e5 18. fxe5 Bxe5 19. Nf3 Bg7 20. Bf4 Rb6 21. e5 Ne6
22. exd6 Nxf4 23. gxf4 Rxd6 24. Qc2 Ne7 25. Qxc5 O-O 26. Rf2 Rc8 27. Qa5 Rb6
28. Ne5 Qd4 29. Qd2 Bxe5 30. fxe5 Qxe5+ 31. Kg1 Nf5 32. Re1 Qc5 33. Qd5 Qb4 34.
Re4 Rc1+ 35. Kh2 Qd6+ 36. Qxd6 Rxd6 37. Rb4 Rc7 38. Be4 Nd4 39. Kg2 Re7 40. Bb7
a5 41. Ra4 Rxb7 42. Rxa5 Kg7 43. Ra8 Rc6 44. Rd8 Nf5 45. Ra8 h5 46. a4 Rcb6 47.
a5 Rxb2 48. a6 Rxf2+ 49. Kxf2 Rb3 50. a7 Ra3 51. Ke1 Ne7 0-1

[Event "44. Torneo Capablanca In Memoriam Open"]
[Site "La Habana CUB"]
[Date "2009.06.18"]
[Round "10.32"]
[White "Miranda Llanes, Yerisbel"]
[Black "Ramon Pita, Vivian"]
[Result "1/2-1/2"]
[WhiteElo "2196"]
[BlackElo "2233"]
[PlyCount "21"]
[EventDate "2009.06.08"]
[EventType "swiss"]
[EventRounds "9"]
[EventCountry "CUB"]
[Source "lmi"]
[SourceDate "2009.06.08"]

1. d4 d6 2. c4 e5 3. dxe5 dxe5 4. Qxd8+ Kxd8 5. Nc3 c6 6. b3 f6 7. Bb2 Bb4 8.
O-O-O+ Kc7 9. e4 Ne7 10. a3 Bxc3 11. Bxc3 1/2-1/2

[Event "44. Torneo Capablanca In Memoriam Open"]
[Site "La Habana CUB"]
[Date "2009.06.18"]
[Round "10.33"]
[White "Figueroa, Marco Alexander"]
[Black "Hernandez, Zaida"]
[Result "1/2-1/2"]
[WhiteElo "2195"]
[BlackElo "2043"]
[PlyCount "76"]
[EventDate "2009.06.08"]
[EventType "swiss"]
[EventRounds "9"]
[EventCountry "CUB"]
[Source "lmi"]
[SourceDate "2009.06.08"]

1. e4 c5 2. Nf3 d6 3. d4 cxd4 4. Nxd4 Nf6 5. f3 a6 6. c4 g6 7. Be3 Bg7 8. Be2
O-O 9. O-O Nc6 10. Qd2 Qc7 11. Nc3 Nxd4 12. Bxd4 Be6 13. Rac1 Rac8 14. b3 Nd7
15. Bxg7 Kxg7 16. f4 Nf6 17. Bf3 Qa5 18. Qd3 Rfd8 19. Kh1 Bd7 20. Qd4 Bc6 21.
Nd5 Bxd5 22. cxd5 Kg8 23. a4 b5 24. h3 bxa4 25. bxa4 Rb8 26. Rc4 Nd7 27. Bg4
Nc5 28. e5 Nb3 29. Qc3 Qxd5 30. Rd1 Qa5 31. exd6 Qxc3 32. Rxc3 exd6 33. Rc6 Nc5
34. Rdxd6 Rxd6 35. Rxd6 Rb4 36. Rc6 Nxa4 37. Rxa6 Rxf4 38. Bf3 Nc5 1/2-1/2

[Event "44. Torneo Capablanca In Memoriam Open"]
[Site "La Habana CUB"]
[Date "2009.06.18"]
[Round "10.34"]
[White "Valdes, Alejandro"]
[Black "Perez Rodriguez, Jennifer"]
[Result "1-0"]
[WhiteElo "2233"]
[BlackElo "2080"]
[PlyCount "93"]
[EventDate "2009.06.08"]
[EventType "swiss"]
[EventRounds "9"]
[EventCountry "CUB"]
[Source "lmi"]
[SourceDate "2009.06.08"]

1. e4 e5 2. Nf3 Nc6 3. d4 exd4 4. Nxd4 Bc5 5. Nxc6 Qf6 6. Qd2 dxc6 7. Nc3 Ne7
8. Qf4 Qxf4 9. Bxf4 Bb6 10. Na4 Ng6 11. Nxb6 cxb6 12. Bd6 Be6 13. O-O-O O-O-O
14. Be2 f6 15. f4 Bd7 16. Bh5 f5 17. exf5 Bxf5 18. Rhe1 Rhe8 19. Rxe8 Rxe8 20.
g3 Re3 21. Bb4 Ne7 22. Kd2 Nd5 23. Bc3 g6 24. Be2 Re7 25. Be5 b5 26. c3 Rd7 27.
Kc1 Ne3 28. Rxd7 Kxd7 29. Bd4 Nd5 30. Bxa7 b6 31. Bb8 Ke6 32. Kd2 h5 33. Be5
Bh3 34. b3 Bf5 35. Bf3 c5 36. Be2 b4 37. cxb4 Nxb4 38. a3 Nc2 39. Bc4+ Kd7 40.
Bb2 Kc6 41. Bd3 Bxd3 42. Kxd3 Ne1+ 43. Ke2 Nc2 44. Kd2 Nd4 45. Bxd4 cxd4 46.
Kd3 Kd5 47. h3 1-0

[Event "44. Torneo Capablanca In Memoriam Open"]
[Site "La Habana CUB"]
[Date "2009.06.18"]
[Round "10.36"]
[White "Catala, Ivete"]
[Black "Gutierrez, Leonela"]
[Result "1-0"]
[WhiteElo "2173"]
[BlackElo "1899"]
[PlyCount "83"]
[EventDate "2009.06.08"]
[EventType "swiss"]
[EventRounds "9"]
[EventCountry "CUB"]
[Source "lmi"]
[SourceDate "2009.06.08"]

1. d4 Nf6 2. Nf3 g6 3. g3 Bg7 4. Bg2 O-O 5. O-O d6 6. Nc3 Nbd7 7. e4 e5 8. Re1
exd4 9. Nxd4 Ne5 10. h3 Nh5 11. Kh2 c6 12. f4 Nc4 13. Qd3 Nb6 14. Be3 h6 15. a4
g5 16. fxg5 Be5 17. Nce2 hxg5 18. Nf3 Bf6 19. a5 Nd7 20. Qxd6 g4 21. hxg4 Ne5
22. Qxd8 Nxg4+ 23. Kg1 Rxd8 24. Bc1 Re8 25. Ra4 Bd7 26. Bh3 b5 27. axb6 axb6
28. Rxa8 Rxa8 29. Nf4 Ng7 30. e5 Be7 31. e6 Bc5+ 32. Kf1 Nxe6 33. Bxg4 Ng5 34.
Bxd7 Nxf3 35. Re8+ Rxe8 36. Bxe8 Nd4 37. c3 Nb3 38. Nd3 Bd6 39. Bf4 Bxf4 40.
gxf4 c5 41. Ne5 f6 42. Bf7+ 1-0

[Event "44. Torneo Capablanca In Memoriam Open"]
[Site "La Habana CUB"]
[Date "2009.06.18"]
[Round "10.37"]
[White "Espinosa Garcia, Sandra"]
[Black "Martin Rosabal, Niuris"]
[Result "1/2-1/2"]
[WhiteElo "2122"]
[BlackElo "1982"]
[PlyCount "128"]
[EventDate "2009.06.08"]
[EventType "swiss"]
[EventRounds "9"]
[EventCountry "CUB"]
[Source "lmi"]
[SourceDate "2009.06.08"]

1. d4 d5 2. c4 c6 3. cxd5 cxd5 4. Nc3 Nf6 5. Bf4 Nc6 6. e3 Bf5 7. Be2 e6 8. Nf3
h6 9. O-O Be7 10. Ne5 Nxe5 11. dxe5 Nd7 12. g4 Bg6 13. Bg3 O-O 14. f4 f5 15.
Bd3 Nc5 16. gxf5 Bxf5 17. Bxf5 Rxf5 18. Ne2 Rf7 19. Nd4 Qb6 20. Qg4 Raf8 21. b3
Rf5 22. Nxf5 Rxf5 23. Rac1 Bf8 24. Rcd1 Ne4 25. Rf3 Nc3 26. Rd3 Nxa2 27. Bf2
Qb5 28. Rd2 Nc3 29. Qg6 Qa6 30. Rh3 Kh8 31. Rh5 Rxh5 32. Qxh5 Ne4 33. Rc2 Bc5
34. b4 Bxb4 35. Rc8+ Kh7 36. f5 exf5 37. Qxf5+ Qg6+ 38. Qxg6+ Kxg6 39. Rd8 Nc5
40. Rxd5 a5 41. Rd4 Ne6 42. Rc4 Kf5 43. Bg3 Bc5 44. Kf2 b5 45. Rc1 a4 46. Ke2
Ke4 47. Bf2 Kxe5 48. Kd3 a3 49. Bg3+ Kd5 50. e4+ Kc6 51. Be5 g5 52. Kc3 Kb7 53.
Kb3 Be7 54. Rd1 Nc5+ 55. Ka2 Kc6 56. Rc1 b4 57. Bd4 Kb5 58. Bxc5 Bxc5 59. Kb3
Bd4 60. Rf1 Bc3 61. Rf5+ Kc6 62. Rd5 Be1 63. h3 Bc3 64. Rd3 Kc7 1/2-1/2

[Event "44. Torneo Capablanca In Memoriam Open"]
[Site "La Habana CUB"]
[Date "2009.06.18"]
[Round "10.38"]
[White "Frometa Castillo, Zirka"]
[Black "Herrera Sosa, Jessica"]
[Result "1-0"]
[WhiteElo "2184"]
[BlackElo "1927"]
[PlyCount "85"]
[EventDate "2009.06.08"]
[EventType "swiss"]
[EventRounds "9"]
[EventCountry "CUB"]
[Source "lmi"]
[SourceDate "2009.06.08"]

1. d4 Nf6 2. Bf4 g6 3. e3 Bg7 4. Nd2 O-O 5. Ngf3 d6 6. h3 c5 7. c3 Nc6 8. Bc4
a6 9. a4 cxd4 10. exd4 e5 11. dxe5 dxe5 12. Bh2 e4 13. Ng5 e3 14. fxe3 Qb6 15.
Qe2 h6 16. Nxf7 Rxf7 17. Bxf7+ Kxf7 18. Nc4 Qc5 19. Bd6 Qa7 20. O-O Be6 21.
Ne5+ Nxe5 22. Bxe5 Qc5 23. Bd4 Bc4 24. Qc2 Qg5 25. Rf4 Rd8 26. Bxf6 Bxf6 27.
Rxc4 Qxe3+ 28. Qf2 Qxf2+ 29. Kxf2 Rd2+ 30. Kf3 Rxb2 31. Re1 g5 32. Rc7+ Kg6 33.
g4 h5 34. Re8 h4 35. Rg8+ Kh6 36. Rf8 Kg6 37. Rg8+ Kh6 38. Ke4 Re2+ 39. Kf5
Rf2+ 40. Ke6 Rf3 41. Rf8 Be5 42. Rxf3 Bxc7 43. Rf6+ 1-0